LEADER 05299aam 22008171 450 001 9910963203503321 005 20200802172232.0 010 $a9781784996505 010 $a1784996505 010 $a9781784997120 010 $a1784997129 024 7 $a10.7765/9781784997120 035 $a(CKB)3710000000493210 035 $a(EBL)4083650 035 $a(SSID)ssj0001587299 035 $a(PQKBManifestationID)16270536 035 $a(PQKBTitleCode)TC0001587299 035 $a(PQKBWorkID)14869645 035 $a(PQKB)11318040 035 $a(MiAaPQ)EBC4083650 035 $a(OCoLC)980791962 035 $a(MdBmJHUP)muse59358 035 $a(DE-B1597)659087 035 $a(DE-B1597)9781784997120 035 $a(Perlego)1526093 035 $a(UkMaJRU)992981778724901631 035 $a(iGPub)MUPB0000815 035 $a(EXLCZ)993710000000493210 100 $a20151022h20152015 uy 0 101 0 $aeng 135 $aur||||||||||| 181 $ctxt$2rdacontent 182 $cc$2rdamedia 183 $acr$2rdacarrier 200 00$aIreland under austerity $eneoliberal crisis, neoliberal solutions /$fedited by Colin Coulter and Angela Nagle 205 $a1st ed. 210 1$aManchester, UK :$cManchester University Press,$d2015. 210 4$dİ2015 215 $a1 online resource (xii, 297 pages) $cdigital file(s) 300 $aDescription based upon print version of record. 311 08$a9780719091995 311 08$a0719091993 311 08$a9780719091988 311 08$a0719091985 320 $aIncludes bibliographical references and index. 327 $a1. Ireland under austerity : an introduction to the book / Colin Coulter -- part I. The political economy of crisis in Ireland -- 2. False economy : the financialisation of Ireland and the roots of austerity / Conor McCabe -- 3. Interpretations of the Irish economic crash / Kieran Allen -- 4. A perfect storm : crisis, capitalism and democracy / Sin{acute}ead Kennedy -- 5. Ireland and the new economy / Angela Nagle -- part II. Casualties of the crisis in Ireland -- 6. Ireland's disappeared : suicide, violence and austerity / Michael Cronin -- 7. The impact of the crisis on Irish women / Alison Spillane -- 8. Defiance and hope : austerity and the community sector in the Republic of Ireland / John Bissett -- 9. All aboard the migration nation / Gavan Titley -- part III. Lessons of the crisis for the Irish left -- 10. Lessons from the era of social partnership for the Irish labour movement / Francisco Arqueros-Fern{acute}andez -- 11. Ireland, the left and the European Union / Daniel Finn -- 12. Business in Ireland is too important to be left to Irish business / Michael Taft. 330 $aOnce held up as a 'poster child' for the benefits of untrammeled capitalist globalisation, the Irish Republic has more recently come to represent a cautionary tale for those tempted to tread the same neoliberal path. The crash in the world economy had especially grave repercussions for Ireland, as it only narrowly escaped bankruptcy by negotiating emergency loans at punitive rates from the IMF, EU and ECB. A series of austerity measures introduced by successive Irish governments and overseen by the institutions of global finance has seen the country endure what some consider the most substantial 'adjustment' ever experienced in a developed society during peacetime. In this collection of essays, a range of academics, economists and political commentators delineate the reactionary course that Ireland has followed since the ignominious demise of the Celtic Tiger. A central thread that runs through the book is that the forces of neoliberalism have employed the economic crisis they caused to advance policies that are in their own very narrow interests. The host of regressive measures imposed since the onset of global recession has fundamentally restructured Irish society and will continue to do so long after public anger recedes and the national humiliation of the 'bailout' fades from memory. Ireland Under Austerity provides a critical and engaging account of what has happened to a society that in recent years has, more than most, mapped out the pernicious cycle of boom and bust that remains an essential hallmark of contemporary capitalism. 606 $aFinancial crises$zIreland$xHistory$y21st century 606 $aNeoliberalism$zIreland$xHistory$y21st century 606 $aDebts, Public$zIreland 606 $aPolitics$2mup 606 $aCentral Government Policies$2bicssc 606 $aPOLITICAL SCIENCE / Political Economy$2bisacsh 606 $aCentral / national / federal government policies$2thema 607 $aIreland$xEconomic conditions$y21st century 607 $aIreland$xEconomic policy$y21st century 615 0$aFinancial crises$xHistory 615 0$aNeoliberalism$xHistory 615 0$aDebts, Public 615 7$aPolitics 615 7$aCentral Government Policies 615 7$aPOLITICAL SCIENCE / Political Economy 615 7$aCentral / national / federal government policies 676 $a330.9417083 702 $aNagle$b Angela 702 $aCoulter$b Colin$f1966- 801 0$bUkMaJRU 906 $aBOOK 912 $a9910963203503321 996 $aIreland under austerity$94368283 997 $aUNINA